| 000 | 00424nam a22001697a 4500 | ||
|---|---|---|---|
| 005 | 20180327111846.0 | ||
| 008 | 160611b xxu||||| |||| 00| 0 eng d | ||
| 020 | _a978-81-203-2426-8 | ||
| 041 | _aeng | ||
| 082 |
_b6940 _a338.88 |
||
| 100 |
_aPaul, Justin _9371 |
||
| 245 | _aInternational Business. | ||
| 260 |
_aNew Delhi _bPrentice hall of India Pvt. Ltd. |
||
| 300 | _a262 | ||
| 650 |
_aManagement _9241 |
||
| 942 | _cBK | ||
| 999 |
_c2416 _d2415 |
||